[Event "Buenos Aires Duchamp op 1st"]
[Site "Buenos Aires"]
[Date "2011.09.12"]
[Round "1"]
[White "Alonso, Salvador"]
[Black "Sanduay, Nicolas"]
[Result "1-0"]
[WhiteElo "2481"]
[BlackElo "2043"]
[PlyCount "39"]
[EventDate "2011.09.12"]
[EventType "swiss"]
[EventRounds "9"]
[EventCountry "ARG"]
[SourceTitle "EXT 2014"]
[Source "ChessBase"]
[SourceDate "2013.11.20"]
[SourceVersion "1"]
[SourceVersionDate "2013.11.20"]
[SourceQuality "1"]

1. e4 c5 2. Nf3 e6 3. d4 cxd4 4. Nxd4 a6 5. Nc3 Qc7 6. Bd3 Nf6 7. Qe2 d6 8. f4 Nbd7 9. Nf3 Nc5 10. e5 Nfd7 11. 0-0 Be7 12. Bd2 0-0 13. Kh1 b5 14. a3 Bb7 15. Rae1 Rad8 16. b4 Nxd3 17. cxd3 Nb8 18. Ne4 Bxe4 19. Qxe4 Nd7 20. Rc1 1-0

[Event "Buenos Aires Bolivar op 4th"]
[Site "Buenos Aires"]
[Date "2011.06.20"]
[Round "6"]
[White "Sanduay, Nicolas"]
[Black "Maglieri, Nahuel"]
[Result "0-1"]
[WhiteElo "2043"]
[BlackElo "1885"]
[PlyCount "62"]
[EventDate "2011.06.13"]
[EventType "swiss"]
[EventRounds "9"]
[EventCountry "ARG"]
[SourceTitle "EXT 2014"]
[Source "ChessBase"]
[SourceDate "2013.11.20"]
[SourceVersion "1"]
[SourceVersionDate "2013.11.20"]
[SourceQuality "1"]

1. e4 c5 2. d3 Nc6 3. g3 d6 4. Bg2 g6 5. f4 Bg7 6. Nh3 e5 7. 0-0 Nge7 8. Nd2 h5 9. Nf3 Bg4 10. Nf2 Qd7 11. h3 exf4 12. gxf4 Bxf3 13. Bxf3 0-0-0 14. c3 Kb8 15. Be3 Rde8 16. Re1 f5 17. Qc2 Bf6 18. a3 g5 19. fxg5 Reg8 20. h4 Ng6 21. exf5 Nxh4 22. Bd5 Qxf5 23. Bxg8 Rxg8 24. Kf1 Bxg5 25. Qc1 Nf3 26. Bxg5 Rxg5 27. Qe3 Nce5 28. Rad1 Rg3 29. Qe4 Qg5 30. d4 d5 31. Qxd5 Nh2+ 0-1

[Event "Los Polvorines Teresa Winter"]
[Site "Los Polvorines"]
[Date "2009.02.24"]
[Round "5.1"]
[White "Perez, Mario Abel"]
[Black "Sanduay, Nicolas"]
[Result "0-1"]
[WhiteElo "2119"]
[BlackElo "2024"]
[PlyCount "82"]
[EventDate "2009.02.16"]
[EventType "swiss"]
[EventRounds "7"]
[EventCountry "ARG"]
[SourceTitle "EXT 2024"]
[Source "ChessBase"]
[SourceDate "2023.10.10"]
[SourceVersion "1"]
[SourceVersionDate "2023.10.10"]
[SourceQuality "1"]

1. d4 d5 2. Nf3 Bg4 3. e3 Nc6 4. Be2 Nf6 5. c4 dxc4 6. Bxc4 e5 7. Qb3 Bb4+ 8. Bd2 Bxf3 9. Bxf7+ Kf8 10. Bxb4+ Nxb4 11. gxf3 exd4 12. Qxb4+ Kxf7 13. Qc4+ Ke7 14. Rg1 g6 15. Nd2 Qd5 16. Qxc7+ Nd7 17. e4 Qb5 18. a4 Qxb2 19. Rb1 Rac8 20. Qxb7 Rc1+ 21. Ke2 Qxb7 22. Rgxc1 Qa6+ 23. Ke1 Rc8 24. Rd1 Ne5 25. Rb5 Nd3+ 26. Kf1 Rc1 27. Rxc1 Nxc1 28. Kg2 Qxa4 29. Rb7+ Kf6 30. Rxh7 Ne2 31. e5+ Ke6 32. Rh4 Qd1 33. Ne4 Qg1+ 34. Kh3 Kxe5 35. Ng3 Nxg3 36. fxg3 d3 37. Re4+ Kf6 38. g4 d2 39. g5+ Qxg5 40. Rd4 Qf5+ 41. Kh4 g5+ 0-1

[Event "ARG-chT"]
[Site "Villa Martelli"]
[Date "2008.08.16"]
[Round "2"]
[White "Sanduay, Nicolas"]
[Black "Rey Besada, Fernando"]
[Result "0-1"]
[WhiteElo "2003"]
[BlackElo "2177"]
[PlyCount "72"]
[EventDate "2008.08.09"]
[EventType "tourn"]
[EventRounds "9"]
[EventCountry "ARG"]
[SourceTitle "EXT 2009"]
[Source "ChessBase"]
[SourceDate "2008.11.26"]
[SourceVersion "1"]
[SourceVersionDate "2008.11.26"]
[SourceQuality "1"]

1. e4 c5 2. Nf3 d6 3. d4 cxd4 4. Nxd4 Nf6 5. f3 e5 6. Bb5+ Nbd7 7. Nf5 d5 8. exd5 a6 9. Ba4 b5 10. Bb3 Nb6 11. Ne3 Bb7 12. Nc3 b4 13. Ne4 Nxe4 14. fxe4 Qh4+ 15. g3 Qxe4 16. Rf1 Bc5 17. Qf3 Qxf3 18. Rxf3 0-0 19. Bd2 Rad8 20. Rf5 a5 21. c4 Bd4 22. Nc2 Bxb2 23. Rb1 Bd4 24. Nxd4 exd4 25. a4 Rfe8+ 26. Kf2 Nd7 27. Rf4 d3 28. Be3 Ne5 29. Bb6 Ra8 30. c5 Nd7 31. Bxa5 Nxc5 32. Bxb4 Re2+ 33. Kg1 Nxb3 34. Rxb3 Ba6 35. Rf2 Bc4 36. Rc3 d2 0-1

[Event "ARG-chT"]
[Site "Villa Martelli"]
[Date "2008.08.09"]
[Round "1"]
[White "Bernal, Gustavo"]
[Black "Sanduay, Nicolas"]
[Result "1-0"]
[WhiteElo "2105"]
[BlackElo "2003"]
[PlyCount "85"]
[EventDate "2008.08.09"]
[EventType "tourn"]
[EventRounds "9"]
[EventCountry "ARG"]
[SourceTitle "EXT 2009"]
[Source "ChessBase"]
[SourceDate "2008.11.26"]
[SourceVersion "1"]
[SourceVersionDate "2008.11.26"]
[SourceQuality "1"]

1. d4 Nf6 2. c4 c5 3. d5 b5 4. cxb5 a6 5. bxa6 g6 6. Nc3 Bxa6 7. g3 Bg7 8. Bg2 d6 9. Nh3 Nbd7 10. 0-0 Nb6 11. Rb1 0-0 12. b3 Qb8 13. Nf4 Qa7 14. Qc2 Rfb8 15. h4 Ne8 16. Rd1 Nc7 17. a4 Bc8 18. Be3 Bf5 19. Be4 Bxc3 20. Bxf5 Bg7 21. Be4 Na6 22. h5 Nb4 23. Qd2 Nd7 24. hxg6 hxg6 25. Nxg6 fxg6 26. Bxg6 Ne5 27. Bf5 Kf7 28. Be6+ Ke8 29. Bh6 Bf6 30. Kg2 Kd8 31. f4 Nd7 32. g4 Kc7 33. g5 Bh8 34. e4 Qb7 35. Kh3 Bd4 36. Rdc1 Kb6 37. Rc4 Ka5 38. Rbc1 Bh8 39. g6 Bf6 40. g7 Nb6 41. Rxc5+ dxc5 42. Rxc5+ Ka6 43. Qxb4 1-0

[Event "Mar del Plata op 39th"]
[Site "Mar del Plata"]
[Date "2008.03.21"]
[Round "8"]
[White "Celestino, Guillermo"]
[Black "Sanduay, Nicolas"]
[Result "1-0"]
[WhiteElo "2167"]
[BlackElo "2017"]
[PlyCount "67"]
[EventDate "2008.03.15"]
[EventType "swiss"]
[EventRounds "9"]
[EventCountry "ARG"]
[SourceTitle "CBM 123 Extra"]
[Source "ChessBase"]
[SourceDate "2008.05.06"]
[SourceVersion "1"]
[SourceVersionDate "2008.05.06"]
[SourceQuality "1"]

1. d4 Nf6 2. c4 c5 3. d5 b5 4. cxb5 a6 5. b6 d6 6. Nc3 g6 7. e4 Qxb6 8. Nf3 Bg7 9. Be2 0-0 10. 0-0 Bd7 11. a4 Bg4 12. a5 Qb7 13. Nd2 Bxe2 14. Qxe2 e6 15. Nc4 exd5 16. exd5 Nbd7 17. Nxd6 Qc7 18. Nc4 Rfe8 19. Qf3 Ne5 20. Nxe5 Qxe5 21. Bf4 Qf5 22. Rad1 Rad8 23. Bc7 Qxf3 24. gxf3 Rd7 25. d6 Re6 26. Na4 Re5 27. Nb6 Rh5 28. Rfe1 Bf8 29. Nxd7 Nxd7 30. Re8 Rg5+ 31. Kf1 c4 32. Bd8 Re5 33. Rxe5 Nxe5 34. d7 1-0

[Event "Villa Martelli Pro Am op 14th"]
[Site "Villa Martelli"]
[Date "2007.10.10"]
[Round "1"]
[White "Rodriguez Vila, Andres"]
[Black "Sanduay, Nicolas"]
[Result "1-0"]
[WhiteElo "2547"]
[BlackElo "2003"]
[PlyCount "55"]
[EventDate "2007.10.18"]
[EventType "swiss"]
[EventRounds "9"]
[EventCountry "ARG"]
[SourceTitle "EXT 2008"]
[Source "ChessBase"]
[SourceDate "2007.11.25"]
[SourceVersion "1"]
[SourceVersionDate "2007.11.25"]
[SourceQuality "1"]

1. f4 c5 2. g3 Nc6 3. Bg2 g6 4. e4 Bg7 5. d3 e6 6. Nf3 Nge7 7. 0-0 0-0 8. c3 d6 9. Be3 b5 10. d4 cxd4 11. cxd4 d5 12. e5 a5 13. Nbd2 Ba6 14. Nb3 Qb6 15. Nc5 Rfd8 16. g4 a4 17. h4 Na5 18. b3 axb3 19. axb3 b4 20. Rf2 Bb5 21. Qe1 Nec6 22. h5 Nb7 23. hxg6 hxg6 24. Rxa8 Rxa8 25. f5 Nxc5 26. dxc5 Qa7 27. f6 Bf8 28. Rc2 1-0

[Event "LNA Puma Cup"]
[Site "Argentina"]
[Date "2007.09.22"]
[Round "7"]
[White "Fell, Sebastian"]
[Black "Sanduay, Nicolas"]
[Result "1/2-1/2"]
[WhiteElo "2117"]
[BlackElo "2003"]
[PlyCount "38"]
[EventDate "2007.08.11"]
[EventType "team-tourn"]
[EventRounds "9"]
[EventCountry "ARG"]
[SourceTitle "CBM 120 Extra"]
[Source "ChessBase"]
[SourceDate "2007.11.01"]
[SourceVersion "1"]
[SourceVersionDate "2007.11.01"]
[SourceQuality "1"]

1. e4 c5 2. Nf3 e6 3. d4 cxd4 4. Nxd4 Nc6 5. Be3 Nf6 6. Bd3 a6 7. 0-0 Qc7 8. Nc3 b5 9. Qe2 Bb7 10. f4 d6 11. g4 Be7 12. g5 Nd7 13. Qh5 g6 14. Qh3 Nxd4 15. Bxd4 e5 16. Be3 exf4 17. Bxf4 Ne5 18. Rae1 0-0 19. Qg3 f6 1/2-1/2

[Event "LNA Puma Cup"]
[Site "Argentina"]
[Date "2007.08.18"]
[Round "2"]
[White "Fiori, Hector Dionisio"]
[Black "Sanduay, Nicolas"]
[Result "0-1"]
[WhiteElo "2170"]
[BlackElo "2003"]
[PlyCount "90"]
[EventDate "2007.08.11"]
[EventType "team-tourn"]
[EventRounds "9"]
[EventCountry "ARG"]
[SourceTitle "CBM 120 Extra"]
[Source "ChessBase"]
[SourceDate "2007.11.01"]
[SourceVersion "1"]
[SourceVersionDate "2007.11.01"]
[SourceQuality "1"]

1. Nf3 Nf6 2. c4 g6 3. Nc3 Bg7 4. e4 d6 5. d4 e5 6. Be2 0-0 7. 0-0 Nc6 8. d5 Ne7 9. Ne1 Nd7 10. Nd3 f5 11. f3 f4 12. g4 g5 13. Bd2 Nf6 14. c5 h5 15. h3 hxg4 16. hxg4 Ng6 17. Be1 Rf7 18. Kg2 Bf8 19. b4 Bd7 20. Rh1 Nh4+ 21. Bxh4 gxh4 22. Qf1 Rh7 23. Qf2 h3+ 24. Rxh3 Rxh3 25. Kxh3 Nh5 26. Qh4 Qxh4+ 27. Kxh4 Be7+ 28. Kh3 Kg7 29. Kg2 Ng3 30. Bd1 a5 31. cxd6 cxd6 32. bxa5 Rxa5 33. Bb3 Bd8 34. Rc1 Kf7 35. Rc2 Bb6 36. Nb2 Bd8 37. Nc4 Ra6 38. Nb2 Ke8 39. Nc4 b5 40. Nb2 b4 41. Nb1 Bb5 42. Nc4 Kd7 43. Ne3 Bd3 44. Rc1 Ne2 45. Rd1 fxe3 0-1

[Event "Villa Martelli Proyeccion op 1st"]
[Site "Villa Martelli"]
[Date "2007.05.10"]
[Round "6"]
[White "Casco, Ramon"]
[Black "Sanduay, Nicolas"]
[Result "0-1"]
[WhiteElo "2011"]
[BlackElo "1985"]
[PlyCount "50"]
[EventDate "2007.04.19"]
[EventType "swiss"]
[EventRounds "7"]
[EventCountry "ARG"]
[SourceTitle "EXT 2019"]
[Source "ChessBase"]
[SourceDate "2018.10.10"]
[SourceVersion "1"]
[SourceVersionDate "2018.10.10"]
[SourceQuality "1"]

1. d4 Nf6 2. c4 c5 3. d5 b5 4. cxb5 a6 5. bxa6 g6 6. g3 Bxa6 7. Bg2 d6 8. Nf3 Bg7 9. 0-0 0-0 10. Nc3 Nbd7 11. Re1 Qb6 12. e4 Ng4 13. Nd2 Nge5 14. Bf1 Bxf1 15. Nxf1 c4 16. Ne3 Qa6 17. Qe2 Rfb8 18. Rf1 Nc5 19. f3 Ned3 20. Ned1 Nb3 21. axb3 Qxa1 22. Be3 Rxb3 23. Nf2 Qxb2 24. Nxd3 Qxc3 25. Nf2 Qxe3 0-1

[Event "LNA Puma Cup"]
[Site "Argentina"]
[Date "2006.10.07"]
[Round "6"]
[White "Sanduay, Nicolas"]
[Black "Driz, Ivan"]
[Result "1/2-1/2"]
[WhiteElo "1998"]
[BlackElo "1937"]
[PlyCount "62"]
[EventDate "2006.09.03"]
[EventType "swiss"]
[EventRounds "8"]
[EventCountry "ARG"]
[SourceTitle "EXT 2008"]
[Source "ChessBase"]
[SourceDate "2007.11.25"]
[SourceVersion "1"]
[SourceVersionDate "2007.11.25"]
[SourceQuality "1"]

1. d4 Nf6 2. c4 d6 3. g3 Nbd7 4. Nf3 e5 5. Nc3 Be7 6. Bg2 0-0 7. 0-0 c6 8. e4 Qc7 9. h3 a6 10. Be3 b6 11. Rc1 Bb7 12. Qe2 Rac8 13. d5 cxd5 14. cxd5 Ne8 15. g4 Qd8 16. g5 f6 17. h4 fxg5 18. hxg5 g6 19. Qd2 Ng7 20. Ne1 Nh5 21. Nd3 Nc5 22. Nxc5 bxc5 23. Ne2 a5 24. Bh3 Rb8 25. Be6+ Kh8 26. Bg4 Ng7 27. Ng3 Bc8 28. Bxc8 Qxc8 29. Kg2 Qd7 30. f3 Rf7 31. Rf2 a4 1/2-1/2

[Event "Villa Martelli op"]
[Site "Villa Martelli"]
[Date "2006.??.??"]
[Round "3"]
[White "Cabezas, Santiago"]
[Black "Sanduay, Nicolas"]
[Result "1/2-1/2"]
[WhiteElo "1860"]
[BlackElo "1995"]
[PlyCount "30"]
[EventDate "2006.07.??"]
[EventType "swiss"]
[EventRounds "9"]
[EventCountry "ARG"]
[SourceTitle "EXT 2008"]
[Source "ChessBase"]
[SourceDate "2007.11.25"]
[SourceVersion "1"]
[SourceVersionDate "2007.11.25"]
[SourceQuality "1"]

1. e4 c5 2. Nf3 e6 3. d3 Nc6 4. g3 Nf6 5. Bg2 Be7 6. Nbd2 d6 7. c3 0-0 8. 0-0 Qc7 9. Ne1 b5 10. f4 a5 11. g4 Bb7 12. g5 Nd7 13. Qg4 f5 14. Qh4 Nb6 15. Nc2 Nd8 1/2-1/2

[Event "Villa Martelli op"]
[Site "Villa Martelli"]
[Date "2006.??.??"]
[Round "2"]
[White "Sanduay, Nicolas"]
[Black "Driz, Ivan"]
[Result "1/2-1/2"]
[WhiteElo "1995"]
[BlackElo "1935"]
[PlyCount "25"]
[EventDate "2006.07.??"]
[EventType "swiss"]
[EventRounds "9"]
[EventCountry "ARG"]
[SourceTitle "EXT 2008"]
[Source "ChessBase"]
[SourceDate "2007.11.25"]
[SourceVersion "1"]
[SourceVersionDate "2007.11.25"]
[SourceQuality "1"]

1. d4 Nf6 2. Nc3 d6 3. Nf3 Bf5 4. Bg5 d5 5. e3 e6 6. Bd3 Bxd3 7. Qxd3 Be7 8. 0-0 Nc6 9. Ne5 0-0 10. f4 Nd7 11. Bxe7 Nxe7 12. e4 Nf6 13. Rad1 1/2-1/2

[Event "Villa Martelli Pro Am op 11th"]
[Site "Villa Martelli"]
[Date "2004.11.14"]
[Round "9"]
[White "Sanduay, Nicolas"]
[Black "Diaz, Sergio"]
[Result "1-0"]
[WhiteElo "1910"]
[BlackElo "2145"]
[PlyCount "41"]
[EventDate "2004.11.04"]
[EventType "swiss"]
[EventRounds "9"]
[EventCountry "ARG"]
[SourceTitle "CBM 103 Extra"]
[Source "ChessBase"]
[SourceDate "2005.01.01"]
[SourceVersion "1"]
[SourceVersionDate "2005.01.01"]
[SourceQuality "1"]

1. e4 c5 2. Nf3 d6 3. d4 cxd4 4. Nxd4 Nf6 5. f3 e5 6. Bb5+ Nbd7 7. Ne2 a6 8. Ba4 d5 9. exd5 b5 10. Bb3 Bc5 11. Nbc3 0-0 12. Bg5 Qb6 13. Bh4 a5 14. a4 b4 15. Ne4 Nxe4 16. fxe4 f5 17. Rf1 Nf6 18. d6+ Kh8 19. Bxf6 Rxf6 20. Qd5 Be6 21. Qxa8+ 1-0